Literature nobel prize pt.6 - Statistics

General Stats
  • This quiz has been taken 2 times
  • The average score is 4 of 15
Answer Stats
Year Author % Correct
1993 Morrison
100%
1991 Gordimer
50%
1995 Heaney
50%
1988 Mahfouz
50%
1982 Marquez
50%
1990 Paz
50%
1992 Walcott
50%
1987 Brodsky
0%
1981 Canetti
0%
1989 Cela
0%
1983 Golding
0%
1994 Kenzaburo
0%
1984 Seifert
0%
1985 Simon
0%
1986 Soyinka
0%
No matching quizzes found
Score Distribution
Percent of People with Each Score
Percentile by Number Answered
Your Score History
You have not taken this quiz